| 000 | 00556nam a2200169Ia 4500 | ||
|---|---|---|---|
| 008 | 090711s9999 xx 000 0 und d | ||
| 082 | _b3400 | ||
| 100 | _aखेर भा. द. | ||
| 245 | _aक्रान्तिकारक खटले | ||
| 260 |
_b"केसरी मुद्रणालय," _c1943 |
||
| 300 | _a134 | ||
| 600 | _aखेर भा. द. | ||
| 630 | _aक्रान्तिकारक खटले | ||
| 700 | _aखेर भा. द. | ||
| 730 | _aक्रान्तिकारक खटले | ||
| 942 | _cBOOK | ||
| 999 |
_c285885 _d285885 |
||